Statistics for Hypixel Skyblock Skills

Click here to take the quiz!

General Stats

  • This quiz has been taken 62 times
  • The average score is 11 of 12

Answer Stats

HintAnswer% Correct
mobsCombat
100%
booksEnchanting
100%
cropsfarming
100%
oresMining
100%
potionsAlchemy
98%
sea creaturesFishing
98%
woodForaging
95%
playersSocial
93%
craftingCarpentry
89%
petsTaming
89%
visualsRunecrafting
73%
bossesDungeonerring
21%

Score Distribution

Percentile by Number Answered

Percent of People with Each Score

Your Score History

You have not taken this quiz